000 00274nam a2200109Ia 4500
008 191206s9999 xx 000 0 und d
020 _a916856011
090 _aHV5278.A78T94
245 0 _aTwelve steps and Twelve traditions
260 _aAlcoholics annonymus
260 _cc2003
999 _c17223
_d17223